Posudzovanie bonity klienta pri poskytovaní bankových úverov diplomová práca

Gespeichert in:
Bibliographische Detailangaben
1. Verfasser: Zaťko, Róbert
Körperschaft: Národohospodárska fakulta EU. Katedra bankovníctva a medzinárodných financií
Weitere Verfasser: Malacká, Viera
Format: Buch
Sprache:Slowakisch
Veröffentlicht: Bratislava 2009
Tags: Tag hinzufügen
Keine Tags, Fügen Sie das erste Tag hinzu!

MARC

LEADER 00000nam$a2200000$$$4500
001 0095533
005 20240319123334.0
041 0 |a slo 
044 |a SK 
245 1 0 |a Posudzovanie bonity klienta pri poskytovaní bankových úverov  |b diplomová práca  |c Róbert Zaťko ; škol. Viera Malacká 
264 1 |a Bratislava  |c 2009 
300 |a 64 s. 
100 1 |a Zaťko, Róbert 
700 1 |a Malacká, Viera 
710 2 |a Národohospodárska fakulta EU. Katedra bankovníctva a medzinárodných financií